| 000 | 00597nam a2200229Ia 4500 | ||
|---|---|---|---|
| 003 | OSt | ||
| 005 | 20220928145540.0 | ||
| 006 | a|||||r|||| 00| 0 | ||
| 007 | ta | ||
| 008 | 220927b |||||||| |||| 00| 0 eng d | ||
| 024 | _a81151 | ||
| 037 | _cTextual | ||
| 040 |
_aSDCL _cSDCL _beng |
||
| 041 |
_2eng _aeng |
||
| 082 | _aI23:6, M5 | ||
| 100 |
_aBennett J W Ed. _9513382 |
||
| 245 | 0 | _aGene manipulations in fungi. | |
| 260 | _c1985 | ||
| 700 |
_a Lasure Linda L Ed. _9513383 |
||
| 942 |
_hI23:6, M5 _cTEXL _2CC |
||
| 999 |
_c834023 _d834023 |
||